| 000 | 00581nam a22001937a 4500 | ||
|---|---|---|---|
| 005 | 20251108174850.0 | ||
| 008 | 250721s2009 xx 000 0 ara d | ||
| 082 | 1 | 4 | _a001.42/عكش |
| 100 | 1 |
_aالعكش، فوزي عبدالله _eمؤلف |
|
| 245 | 1 | 0 | _aالبحث العلمي المناهج و الإجراءت / |
| 250 | _aطبعه محدثة | ||
| 264 | 1 |
_aعمان : _bالمؤلف، _c2009. |
|
| 300 | _a326ص. | ||
| 650 | 1 | 7 | _aالابحاث |
| 650 | 1 | 7 | _aالاسلوب العلمي |
| 650 | 1 | 7 | _aاساليب البحث |
| 942 |
_2ddc _cBK |
||
| 999 |
_c120106 _d120106 |
||